| 000 | 00469nmm a22001697a 4500 | ||
|---|---|---|---|
| 005 | 20220613091803.0 | ||
| 008 | 150727b xxu||||| |||| 00| 0 spa d | ||
| 041 | _aspa | ||
| 082 | _aMD 01 | ||
| 100 |
_aCastillo Sánchez, Susana _963685 |
||
| 245 | _aInforme de Práctica Supervisada realizado en el Laboratorio de Acrílicos UCR | ||
| 260 | _c2012 | ||
| 650 |
_aCOSTA RICA _963686 |
||
| 650 |
_aMECÁNICA DENTAL _963687 |
||
| 650 |
_aACRÍLICOS _93805 |
||
| 942 | _cIP | ||
| 999 |
_c6275 _d6275 |
||